UK Postcode Areas Quiz Stats

Quiz Updated Dec 2, 2014

Also try: UK Territories
Challenge
Share
Tweet
Embed
Score 0/121 Timer 15:00
0 Plays Today
Code Area % Correct
BBirmingham
84.2%
ABAberdeen
82.2%
MManchester
70.1%
OXOxford
69.5%
EXExeter
66.2%
LLiverpool
66%
BSBristol
64.9%
GGlasgow
64.5%
CFCardiff
61.6%
MKMilton Keynes
60.2%
NENewcastle-upon-Tyne
60.1%
CVCoventry
59.2%
IPIpswich
59%
POPortsmouth
58.9%
YOYork
57.8%
LSLeeds
57.4%
SOSouthampton
56.8%
CBCambridge
55.5%
BABath
55.5%
LELeicester
53.7%
EHEdinburgh
53.6%
EEast London
53.5%
NGNottingham
53.4%
BDBradford
53.2%
PLPlymouth
52%
IVInverness
51.7%
DEDerby
51.4%
NNorth London
51.4%
CHChester
50.7%
GLGloucester
50.3%
LULuton
50.3%
SWSouth West London
49.5%
TQTorquay
49.4%
HUHull
49.3%
SSheffield
49.1%
WWest London
49%
BNBrighton
48%
SESouth East London
47.7%
NRNorwich
47.2%
NWNorth West London
46.6%
RGReading
46.2%
Code Area % Correct
FKFalkirk And Stirling
45.8%
HXHalifax
45.7%
GUGuildford
45.5%
WVWolverhampton
44.6%
PEPeterborough
44.5%
DDDundee
44.3%
BBBlackburn
41.9%
COColchester
41.6%
ENEnfield
40.9%
BTBelfast
40.4%
PRPreston
40.3%
LALancaster
39.7%
NNNorthampton
39.5%
CACarlisle
38.5%
OLOldham
38.3%
HDHuddersfield
37.1%
LNLincoln
36.9%
SASwansea
36.9%
UBSouthall
36.7%
BHBournemouth
36.4%
DNDoncaster
36.4%
ECEast Central London
35.7%
CMChelmsford
35.2%
BLBolton
35%
CRCroydon
35%
STStoke-on-Trent
34.9%
SLSlough
34.4%
TRTruro
32.9%
NPNewport
32.7%
ALSt Albans
30.7%
DHDurham
29.9%
LLLlandudno
29.9%
WCWest Central London
29.9%
CTCanterbury
29.8%
DLDarlington
28.3%
SNSwindon
28.2%
TWTwickenham
27.6%
KTKingston-upon-Thames
27.3%
DADartford
26.7%
HAHarrow
26.7%
CWCrewe
26.6%
Code Area % Correct
FYFylde
26.4%
MEMedway
26.4%
WAWarrington
26.1%
RMRomford
25.9%
WRWorcester
25.8%
TFTelford
25.5%
TATaunton
25.5%
HGHarrogate
25.3%
WFWakefield
24.4%
HRHereford
23.9%
DYDudley
23.3%
WDWatford
23.1%
SKStockport
22.7%
PAPaisley
21.9%
PHPerth
21.7%
SSSouthend-on-Sea
21.6%
BRBromley
21.4%
WNWigan
21.3%
IGIlford
20.1%
RHRedhill
19.6%
WSWalsall
19.2%
HPHemel Hempstead
19.1%
SYShrewsbury
18.5%
TSCleveland
18.4%
TNTonbridge
18.2%
SGStevenage
17.8%
ZELerwick
17.7%
SRSunderland
16.7%
DGDumfries
16.5%
KYKirkcaldy
16.3%
MLMotherwell
16%
KAKilmarnock
14.9%
KWKirkwall
14.1%
DTDorchester
13.7%
SPSalisbury Plain
13.4%
SMSutton
11.3%
HSOuter Hebrides
9.6%
TDGalashiels
8.4%
LDLlandrindod Wells
8.2%

You're not logged in!

Compare scores with friends on all Sporcle quizzes.
Sign Up with Email
OR
Log In

You Might Also Like...

Show Comments

Extras

Top Quizzes Today


Score Distribution

Your Account Isn't Verified!

In order to create a playlist on Sporcle, you need to verify the email address you used during registration. Go to your Sporcle Settings to finish the process.